Statistiken für Weltführer #6

Klicken Sie hier um das Quiz zu spielen!

Allgemein

  • Dieses Quiz wurde 108 mal gespielt
  • Das Durchschnittsergebnis liegt bei 9 aus 14

Antwortstatistiken

Führer von...Dieses Land% Korrekt
Bill ClintonVereinigte Staaten
99%
Charles de GaulleFrankreich
96%
Kim Il-sungNordkorea
94%
Margaret ThatcherVereinigtes Königreich
93%
Francisco FrancoSpanien
89%
Eva PerónArgentinien
81%
Hu JintaoChina
81%
Josip Broz TitoJugoslawien
76%
Tarja HalonenFinnland
57%
Haile SelassieÄthiopien
53%
Megawati SukarnoputriIndonesien
39%
Darius IIIIran
34%
Alberto FujimoriPeru
34%
Lennart MeriEstland
19%

Verteilung der Resultate

Perzentil nach korrekt beantworteten Fragen

Anzahl Personen mit jedem Resultat

Ihre Resultats-Entwicklung

Sie haben dieses Quiz noch nicht gespielt